Men in the sun and other Palestinian stories / (Record no. 15407)
[ view plain ]
| 000 -LEADER | |
|---|---|
| fixed length control field | 01232cam a2200361 a 4500 |
| 001 - CONTROL NUMBER | |
| control field | 2502163 |
| 003 - CONTROL NUMBER IDENTIFIER | |
| control field | EG-ScBUE |
| 005 - DATE AND TIME OF LATEST TRANSACTION | |
| control field | 20220811093017.0 |
| 008 - FIXED-LENGTH DATA ELEMENTS--GENERAL INFORMATION | |
| fixed length control field | 930422s1991 cou f 000 j eng d |
| 020 ## - INTERNATIONAL STANDARD BOOK NUMBER | |
| International Standard Book Number | 0894108573 |
| 020 ## - INTERNATIONAL STANDARD BOOK NUMBER | |
| International Standard Book Number | 9780894108570 |
| 040 ## - CATALOGING SOURCE | |
| Original cataloging agency | DLC |
| Language of cataloging | eng |
| Description conventions | rda |
| Transcribing agency | DLC |
| Modifying agency | DLC |
| -- | EG-ScBUE |
| 041 1# - LANGUAGE CODE | |
| Language code of text/sound track or separate title | eng |
| Language code of original and/or intermediate translations of text | ara |
| 043 ## - GEOGRAPHIC AREA CODE | |
| Geographic area code | a-is--- |
| 082 04 - DEWEY DECIMAL CLASSIFICATION NUMBER | |
| Classification number | 892.736 |
| Edition number | 22 |
| Item number | KAN |
| 100 1# - MAIN ENTRY--PERSONAL NAME | |
| Personal name | Kanafani, Ghassan, |
| Relator term | author. |
| 9 (RLIN) | 24159 |
| 245 10 - TITLE STATEMENT | |
| Title | Men in the sun and other Palestinian stories / |
| Statement of responsibility, etc | Ghassan Kanafani ; translated from the Arabic by Hilary Kilpatrick. |
| 264 #1 - PUBLICATION, DISTRIBUTION, ETC. (IMPRINT) | |
| Place of publication, distribution, etc | Boulder, Colorado : |
| Name of publisher, distributor, etc | Lynne Rienner Publishers, Inc., |
| Date of publication, distribution, etc | [1999] |
| 264 #4 - PUBLICATION, DISTRIBUTION, ETC. (IMPRINT) | |
| Date of publication, distribution, etc | c1999 |
| 300 ## - PHYSICAL DESCRIPTION | |
| Extent | 117 pages ; |
| Dimensions | 20 cm |
| 336 ## - CONTENT TYPE | |
| Source | rdacontent |
| Content type term | text |
| Content type code | txt |
| 337 ## - MEDIA TYPE | |
| Source | rdamedia |
| Media type term | unmediated |
| Media type code | n |
| 338 ## - CARRIER TYPE | |
| Source | rdacarrier |
| Carrier type term | volume |
| Carrier type code | nc |
| 546 ## - LANGUAGE NOTE | |
| Language note | Text in English ; translated from the original Arabic.<br/> |
| 650 ## - SUBJECT ADDED ENTRY--TOPICAL TERM | |
| Source of heading or term | BUEsh |
| 651 #7 - SUBJECT ADDED ENTRY--GEOGRAPHIC NAME | |
| Geographic name | Palestine |
| General subdivision | Social life and customs |
| Form subdivision | Fiction. |
| Source of heading or term | BUEsh |
| 9 (RLIN) | 24160 |
| 651 #7 - SUBJECT ADDED ENTRY--GEOGRAPHIC NAME | |
| Geographic name | Palestine |
| Form subdivision | Fiction. |
| 9 (RLIN) | 24131 |
| Source of heading or term | BUEsh |
| 653 ## - INDEX TERM--UNCONTROLLED | |
| Arrived date list | May2011 |
| Resource For college | Humanities: English |
| 655 ## - INDEX TERM--GENRE/FORM | |
| Form subdivision | Reading book |
| 9 (RLIN) | 34232 |
| 700 1# - ADDED ENTRY--PERSONAL NAME | |
| 9 (RLIN) | 24153 |
| Personal name | Kilpatrick, Hilary, |
| Relator term | translator. |
| 942 ## - ADDED ENTRY ELEMENTS (KOHA) | |
| Source of classification or shelving scheme | Dewey Decimal Classification |
| Koha item type | Book - Borrowing |
| Withdrawn status | Lost status | Source of classification or shelving scheme | Damaged status | Not for loan | Collection code | Home library | Current library | Shelving location | Date acquired | Source of acquisition | Cost, normal purchase price | Serial Enumeration / chronology | Total Checkouts | Total Renewals | Full call number | Barcode | Date last seen | Date checked out | Price effective from | Koha item type |
|---|---|---|---|---|---|---|---|---|---|---|---|---|---|---|---|---|---|---|---|---|
| Dewey Decimal Classification | Baccah | Central Library | Central Library | Second Floor | 26/05/2011 | 161.00 | 12344 | 2 | 16 | 892.736 KAN | 000023734 | 15/07/2025 | 12/02/2022 | 26/05/2011 | Book - Borrowing |